000 01240cam a22003497a 4500
003 CHAP
005 20220817043855.0
008 021216d2002 mx r 00110 spa d
010 _a86759
011 _a87731
035 _a98275
040 _cCHAP
090 _aTesis
100 0 0 _aUribe, Lizbeth María de Jesús.
_9116956
245 1 3 _aEl sector agrícola Chileno bajo el enfoque neoliberal (1975 - 1999)
_c/por Lizbeth María de Jesús Uribe
260 _aChapingo, Méx. :
_bEl autor,
_c2002.
300 _a119 h.
502 _aTesis (Lic. en Economía Agrícola) -- UACH. División de Ciencias Económico Administrativas
590 _aALEPH
_b10
_c20130110
_lUCH01
_h1451
590 _aBATCH-UPD
_b10
_c20130110
_lUCH01
_h0716
590 _aBATCH-UPD
_b10
_c20130410
_lUCH01
_h0401
590 _aBATCH-UPD
_b10
_c20130914
_lUCH01
_h0922
590 _aCONVERSION
_b10
_c20130109
_lUCH01
_h1348
650 1 4 _aChile
_xCondiciones económicas.
650 1 4 _aNeoliberalismo.
_980855
650 1 4 _aPolítica agrícola
_xChile.
_990300
901 _aBK
905 _aMayto Villalobos S.
942 _cFOLL
949 _aTesis
_bBC
_cTES
_d33724000882973
_eTS2
_fc.2
_h39827
_i98275
_sb
949 _aTesis
_bBC
_cTES
_d98275123
_eTS1
_h39826
_i98275
_sb
999 _c86759
_d86759